000
00324nam a22001337a 4500
003
SGT
082
_a
954.03
_b
A76R
100
_a
RAO, V. VENKATA
245
_a
A CENTURY OF TRIBAL POLITICS IN NORTH EAST INDIA
260
_a
INDIA
_b
S. CHAND & COMPANY
_c
1976
300
_a
556
650
_a
INDIAN HISTORY
942
_2
ddc
_c
BK
999
_c
26281
_d
26281